000 00574nam a22002057a 4500
003 OSt
005 20230927074443.0
008 230927b |||||||| |||| 00| 0 eng d
020 _a9780132350884
040 _cDDC
082 _a005.74 CLE 2016
100 _aMartin, Robert C.
_916652
245 _aClean Code: a handbook of agile software craftsmanship
260 _aBoston; Addison-Wisley, 2016
300 _axxviii,431p; ill: 23.5cm
500 _aAppendices, & Index included
650 _aSoftware
_916653
650 _aComputer code
_916654
942 _2ddc
_cO_SHELF
999 _c8157
_d8157